000 00408nam a2200157 i 4500
001 bg
100 1 _aPUN, Lucas
245 0 _aPratique de L'automatisation integree /
_cLucas Pun, Javier Aracil, Jean Luis Abratut.
260 _aBordas,
_c1975.
700 1 _aARACIL, Javier
700 1 _aABRATUT, Jean Luis
040 _cBPK
041 _apol
942 _cKS
008 s pl f |000 0 pol
999 _c27290
_d27290